000 00240nam a22001217a 4500
003 SGT
082 _a823
_bMOY
100 _aMOYES JOJO
245 _aAFTER YOU
260 _aLONDON
_bPENGUIN PUB
_c2016
300 _a409
942 _2ddc
_cBK
999 _c34014
_d34014